000 01229cam a22003257a 4500
003 CHAP
005 20220329142551.0
008 010920d2001 mx r 00110 spa d
010 _a85024
011 _a85996
035 _a96534
040 _cCHAP
090 _aTesis
100 0 0 _aNavarro López, Erik Rafael.
_980576
245 1 0 _aDeterminación de plagas de importancia cuarentenaria, en esquejes de nochebuena (Euphorbia pulcherrima Willd. ex Klotzsch), para México
_c/por Erik Rafael Navarro López
260 _aChapingo, Méx. :
_bEl autor,
_c2001.
300 _a107 h. :
_bilus.
502 _aTesis (Ing. Agr. Esp. en Parasitología Agrícola) -- UACH. Departamento de Parasitología Agrícola
590 _aALEPH
_b10
_c20130110
_lUCH01
_h1444
590 _aBATCH-UPD
_b10
_c20130110
_lUCH01
_h0922
590 _aBATCH-UPD
_b10
_c20130410
_lUCH01
_h0544
590 _aBATCH-UPD
_b10
_c20130914
_lUCH01
_h1416
590 _aCONVERSION
_b10
_c20130109
_lUCH01
_h1347
650 1 4 _aFlor de nochebuena
_xPlagas.
_941310
901 _aBK
905 _aAlejandra Carrasco M.
942 _cFOLL
949 _aTesis
_bBC
_cTES
_d33724000859682
_eTS2
_fc.2
_h38668
_i96534
_si
949 _aTesis
_bBC
_cTES
_d965341
_eTS1
_h38667
_i96534
_sb
999 _c85024
_d85024